000 00896nam a2200277Ia 4500
001 Para_1198
003 CHAP
008 220125s1997 xx 000 0 und d
010 _a199924
040 _cCHAP
090 _aPA TESIS 1164
100 _aLara Reyes, Indira
_964860
245 _aAnálisis de residuos de insecticidas organofosforados por cromatografía de ga
260 _aChapingo, Méx. :
_b El autor
300 _a37 h.
502 _aTesis (Ing. Agr. Esp. en Parasitología Agrícola), UACh. Depto. Parasitología
650 _aInsecticidas
_x residuos
_958880
710 _aUACh. Departamento Parasitología Agrícola
_9164025
901 _aPA TESIS 1164
902 _aA
905 _a0000001997 0000000000 00
910 _a1997
942 _cPARA
942 _cPARA
_d1
999 _c199924
_d199924